000
00294nam a22001337a 4500
020
_a
978-93-537814-8-4
082
_a
823
_b
BOO/P
100
_a
BOOK FORD
245
_a
PETER PAN
260
_a
DELHI
_b
BOOK FORD PUBLICATIONS
300
_a
16
650
_a
CHILDRENS STORY BOOK
_z
INDIA
942
_c
BK
999
_c
7064
_d
7064